1478 1943 1408 1742 1297 1860 1167 1624 1833 1269 1955 1277 1826 1008 1355 1382 1324 1743 1623 1225 1579 1067 1254 1117 1317 1529 1159 1422 1601 1938 1430 1790 1645 1487 1017 1188 1797 1343 1947 1137 1847 1535 1471 1991 1387 1028 1248 1573 1350 1161 1773 1965 1605 1620 1768 1815 1423 1621 1307 1966 1539 1512 1812 1681 1145 1530 1192 1487 1802 1349 1864 1184 1514 1180 1416 1515 1140 1744 1112 1113 1267 1175 1137 1257 1770 1509 1769 1921 1499 1103 1247 1872 1645 1339 1040 1014 1096 1768 1853 BCNSPRNW ULIB Ver.6.0+V

เปลี่ยนเป็นภาษาไทย

Change to English
 แสดงรายละเอียดบรรณานุกรม
  กลับหน้าหลัก

Brief Record : Get Marc (ISO 2709) : E-mail record : QR code < ปิดหน้าต่าง
LEADER : 00000nam 2200000uu 4500
001    13399124173
003     ULIB
008    020711s2550 th a 000 0 tha d
020    9789749557648
099    นว.อ734ล
100    อินตรา
245    ละครนี้มีรัก
260     ^bม.ป.ท.,^c2550
945    ^p340^l0^i022036
รายการนี้ยังไม่มีแท็ก
คุณยังไม่ได้ล็อกอิน คุณสามารถมีกิจกรรมร่วมกับเว็บไซต์ได้ แต่ต้องล็อกอินก่อน ::
  ล็อกอิน

รายการสื่อสารสนเทศ

ลำดับที่ ประเภท เลขเรียก/บาร์โค้ด สถานที่ สถานะ
1. นวนิยาย
นวนิยาย
นว.อ734ล ฉ.1 
  Barcode: 022036
ห้องสมุดวิทยาเขตสวรรค์ประชารักษ์
►นวนิยาย
บนชั้น
  ขอยืม

BibComment


ยังไม่เคยถูกคอมเมนท์

คอมเมนท์ทรัพยากรรายการนี้
  คอมเมนท์: ละครนี้มีรัก


 Copyright 2026. Bcnsprnw @Library